Faces on places : about gargoyles and other stone creatures /

Describes the work of sculptors, model makers, stone cutters, and stone carvers in creating gargoyles and other creatures and surveys carving on churches and other buildings.

Bibliographic Details
Main Author: Haldane, Suzanne
Format: Book
Language:English
Published: New York : Viking Press, 1980.
Edition:1st ed.
Subjects:

MARC

Tag First Indicator Second Indicator Subfields
LEADER 00000cam a2200000 a 4500
001 in00000088284
005 20151008063124.0
008 800215s1980 nyua j 00010 engm
010 |a  80011746  
020 |a 0670304441 
035 |a (OCoLC)06085927 
035 |9 AAK1621AM 
040 |a DLC  |c DLC  |d m.c.  |d OCL  |d TXA  |d UtOrBLW 
049 |a [Curr Col] TXAM  |c [388572] 
050 0 0 |a NA3683 G37  |b  H34 1980 
082 0 |a 729/.5 
100 1 |a Haldane, Suzanne. 
245 1 0 |a Faces on places :  |b about gargoyles and other stone creatures /  |c Suzanne Haldane. 
250 |a 1st ed. 
264 1 |a New York :  |b Viking Press,  |c 1980. 
300 |a 40 pages :  |b illustrations ;  |c 21 x 26 cm. 
336 |a text  |b txt  |2 rdacontent 
337 |a unmediated  |b n  |2 rdamedia 
338 |a volume  |b nc  |2 rdacarrier 
520 |a Describes the work of sculptors, model makers, stone cutters, and stone carvers in creating gargoyles and other creatures and surveys carving on churches and other buildings. 
650 0 |a Gargoyles  |x Juvenile literature. 
650 0 |a Animals, Mythical, in art  |x Juvenile literature. 
650 0 |a Human beings in art  |x Juvenile literature. 
650 0 |a Decoration and ornament, Architectural  |x Juvenile literature. 
650 1 |a Gargoyles. 
650 1 |a Decoration and ornament, Architectural. 
650 1 |a Sculpture. 
999 |a MARS 
999 f f |s 1137108a-b7dc-32b3-8de4-81d480e7d2a3  |i 1140fac2-1ec6-3026-989e-9f39045cb7c7  |t 0 
952 f f |p ric  |a Texas A&M University  |b Rellis Campus  |c Joint Library Facility  |d Remote Storage  |t 0  |e NA3683 G37 H34 1980  |h Library of Congress classification  |i unmediated -- volume  |m A14805974675 
998 f f |a NA3683 G37 H34 1980  |t 0  |l Remote Storage